| 000 | 00572nam a2200181Ia 4500 | ||
|---|---|---|---|
| 008 | 140529s9999 xx 000 0 und d | ||
| 020 | _a9789812532497 | ||
| 050 |
_aRA 409 _b.D35 2005 |
||
| 100 | _aDaniel, Wayne W. | ||
| 245 |
_aBiostatistics : _ba foundation for analysis in the health sciences / _cWayne W. Daniel |
||
| 250 | _a8th ed. | ||
| 260 |
_aHoboken, NJ : _bJohn Wiley & Sons, Inc., _cc2005. |
||
| 300 |
_a782 p. : _bill. ; _c25 cm. |
||
| 500 | _aIncludes bibliographical references and appendices. | ||
| 521 | _aNUR | ||
| 942 |
_kFOR _cBK |
||
| 999 |
_c117804 _d117804 |
||